Poetic Pilgrimage: (Record no. 202772)

MARC details
000 -LEADER
fixed length control field 00536nam a22001817a 4500
005 - DATE AND TIME OF LATEST TRANSACTION
control field 20240514113506.0
010 ## - LCCN (DPL NO)
LC control number ENG-140314
020 ## - INTERNATIONAL STANDARD BOOK NUMBER
Terms of availability 160.00
International Standard Book Number 9789391091897
035 ## - SYSTEM CONTROL NUMBER
System control number EN-123846
037 ## - SOURCE OF ACQUISITION
Source of stock number/acquisition DBAD
082 ## - DEWEY DECIMAL CLASSIFICATION NUMBER
Classification number 881
100 ## - MAIN ENTRY--PERSONAL NAME
Personal name Arora, Vandana
245 ## - TITLE STATEMENT
Title Poetic Pilgrimage:
Remainder of title An Anthology of Sublime Poems/
Statement of responsibility, etc by Vandana Arora
260 ## - PUBLICATION, DISTRIBUTION, ETC. (IMPRINT)
Place of publication, distribution, etc Gurugram
Name of publisher, distributor, etc The Poetry Society of India
Date of publication, distribution, etc 2024
270 ## - ADDRESS
Address H-23/16,DLF Phase-1
City Gurugram
300 ## - PHYSICAL DESCRIPTION
Extent XX-38p.
Dimensions 21cm(pb)
942 ## - ADDED ENTRY ELEMENTS (KOHA)
Source of classification or shelving scheme Dewey Decimal Classification
Item type English Books
Classification part 881
Call number suffix ARO
Holdings
Withdrawn status Lost status Not for loan Collection code Home library Current library Date acquired Source of acquisition Cost, normal purchase price Full call number Barcode Copy number Cost, replacement price Koha item type
      Non-fiction Ashok Vihar Ashok Vihar 09/05/2024 DBAD 160.00 881 ARO EN-123846 1 160.00 English Books

© Delhi Public Library
Hit Counter
free hit counter